03858cam a2200409 i 4500001001300000003000900013005001700022008004100039020001800080035002200098040009000120082002400210245011900234250001800353264003900371264001100410300006300421336002600484336003300510337002800543338002700571490004800598504005100646505088600697520136601583650004702949650004402996650006703040650004403107653001703151655001703168700004003185776003503225942001203260999001703272952015903289on1376274710EG-ScBUE20250511103539.0230401t2023 flua f b 001 0 eng d a9781032207278 a(OCoLC)1376274710 aUKMGBbengerdacUKMGBdBDXdEUMdOCLCFdOCLCQdXFFdOCLCOdUVVdOCLCOdIBIdEG-ScBUE04a746.920285222bDIG00aDigital fashion innovations :badvances in design, simulation, and industry /cedited by Abu Sadat Muhammad Sayem. aFirst edition 1aBoca Raton, FL :bCRC Press,c2023 4c©2023 axii, 206 pages :billustrations (black and white) ;c24 cm atextbtxt2rdacontent astill imagebsti2rdacontent aunmediatedbn2rdamedia avolumebnc2rdacarrier0 aTextile Institute professional publications aIncludes bibliographical references and index.0 aPart A: Introduction. 1. Defining Digital Fashion and Tracking the Developments in Relevant Technologies. Part B: Digital Design and E-Prototyping. 2. Clothing Fit Evaluation: From Physical to Virtual. 3. The Virtual Fitting Process--How Precisely Does 3D Simulation Represent Physical Reality?. 4. Virtual Fit of Bodices Constructed Following Contemporary Methods. 5. Scan2Weave: Connecting Digital Anthropometry With 3D Weaving Technology. Part C: Digital Human and Metaverse. 6. Processing Data from High Speed 4D Body-Scanning System for Application in Clothing Development. 7. Smart Mirrors: Augmented, but Not Yet Reality. Part D: Digital Business and Promotion. 8. Direct-to-Consumer Fashion Brands: The Digitally Native Start-Ups in the Retail Industry. 9. Fashion Marketing with Virtual Humans as Influencers. 10. A Review of Blockchain Technology for Sustainable Fashion. aDigitalisation is becoming a standard practice in the fashion industry. Innovation in digital fashion is not just limited to computer-aided design (CAD) and manufacturing (CAM), rather it runs throughout the fashion supply chain, from product life cycle management and developing new business models that promote sustainability to connecting virtual and augmenting reality (VR/AR) with fashion for enhanced consumers experience through smart solutions. Digital Fashion Innovations: Advances in Design, Simulation, and Industry captures the state-of-art developments taking place in this multi-disciplinary field:Discusses digital fashion design and e-prototyping, including 2D/3D CAD, digital pattern cutting, virtual drape simulation and fit analysis.Covers digital human modelling and VR/AR technology.Details digital fashion business and promotion, including application of e-tools for supply chain, e-commerce, block chain technologies, big data, and artificial intelligence (AI).This interdisciplinary book will appeal to professionals working in textile and fashion technology, those developing AR and AI for clothing end uses, and anyone interested in the business of digital fashion and textile design. It will also be of interest to scientists and engineers working in anthropometry for a variety of disciplines, such as medical devices and ergonomics. 7aFashion designxDigital techniques.2BUEsh 7aFashion designxData processing.2BUEsh 7aDressmakingxPattern designxTechnological innovations.2BUEsh 7aClothing tradexData processing.2BUEsh cMay2025bART vReading book1 aSayem, Abu Sadat Muhammad,eeditor.08iebook version :z9781000881240 2ddccBB c30960d30931 00102ddc40708BaccahaMAINbMAINc2NDd2025-05-11ePurchaseg4080.00h39223l0o746.920285 DIGp000057314r2025-07-15 00:00:00v5100.00w2025-05-11yBB